000 00513nam a22001817a 4500
005 20251108164725.0
008 250721s1987 xx 000 0 ara d
082 1 4 _a614.836/صبح
100 1 _aطه، صبحي
245 1 0 _aالأمن الكهربائي /
264 _bدار المعرفة،
_c1987.
300 _a196ص
650 1 7 _aالوقاية من الكهرباء
650 1 7 _aالإسعاف الأولي
650 1 7 _aالهندسة الكهربائية
942 _2ddc
_cBK
999 _c12791
_d12791